The Life and Times of Sardar Vallabhbhai Patel/ (Record no. 147896)
[ view plain ]
| 000 -LEADER | |
|---|---|
| fixed length control field | 00715nam a22001817a 4500 |
| 005 - DATE AND TIME OF LATEST TRANSACTION | |
| control field | 20180404122922.0 |
| 010 ## - LCCN (DPL NO) | |
| LC control number | BAC-05-12-12 B-690828-829 |
| 020 ## - INTERNATIONAL STANDARD BOOK NUMBER | |
| International Standard Book Number | 9789351866022 |
| Terms of availability | 250.00 |
| 035 ## - SYSTEM CONTROL NUMBER | |
| System control number | B-690828-829 |
| 037 ## - SOURCE OF ACQUISITION | |
| Stock number | Ocean |
| 100 ## - MAIN ENTRY--PERSONAL NAME | |
| Personal name | Kapoor Sushil |
| 245 ## - TITLE STATEMENT | |
| Title | The Life and Times of Sardar Vallabhbhai Patel/ |
| Statement of responsibility, etc | by Sushil Kapoor: |
| 260 ## - PUBLICATION, DISTRIBUTION, ETC. (IMPRINT) | |
| Place of publication, distribution, etc | New Delhi |
| Name of publisher, distributor, etc | Prabhat Prakashan |
| Date of publication, distribution, etc | 2016 |
| 270 ## - ADDRESS | |
| Address | 4/19 Asaf Ali Road, |
| City | New Delhi |
| Postal code | 110002 |
| 300 ## - PHYSICAL DESCRIPTION | |
| Extent | 158p. |
| Other physical details | col.ill. |
| Dimensions | 23cm(HB) |
| 942 ## - ADDED ENTRY ELEMENTS (KOHA) | |
| Source of classification or shelving scheme | Dewey Decimal Classification |
| Item type | English Books |
| Call number suffix | KAP |
| Classification part | 921 |
| Withdrawn status | Lost status | Not for loan | Collection code | Home library | Current library | Date acquired | Source of acquisition | Cost, normal purchase price | Full call number | Barcode | Cost, replacement price | Koha item type |
|---|---|---|---|---|---|---|---|---|---|---|---|---|
| Non-fiction | Central Library | Central Library | 04/04/2018 | Ocean Books/BL/19770/01.03.2018/793/19.02.2018/09.03.2018 | 250.00 | 921 KAP | B-690828 | 250.00 | English Books | |||
| Non-fiction | Central Library | Central Library | 04/04/2018 | Ocean Books/BL/19770/01.03.2018/793/19.02.2018/09.03.2018 | 250.00 | 921 KAP | B-690829 | 250.00 | English Books |
